| 000 | 00439nam a22001457a 4500 | ||
|---|---|---|---|
| 008 | 220524b |||||||| |||| 00| 0 eng d | ||
| 020 | _a0933174659 | ||
| 050 |
_aQA93 _b.P37 1989 |
||
| 100 | _aPappas, Theoni | ||
| 245 |
_aThe Joy of Mathematics _bdicovering mathematics all around you _cTheoni Pappas |
||
| 260 |
_aSAn Carlos _bWide World Publishing _c1989 |
||
| 300 | _a237p. | ||
| 650 |
_aMathematics _vpopular works |
||
| 942 |
_2lcc _cBK |
||
| 999 |
_c19321 _d19320 |
||